Physical education and research methodology/ (Record no. 34594)

000 -LEADER
fixed length control field 00443nam a22001571a 4500
020 ## - INTERNATIONAL STANDARD BOOK NUMBER
International Standard Book Number 9788175100510
082 ## - DEWEY DECIMAL CLASSIFICATION NUMBER
Classification number 796.072
Item number YOG/P
100 ## - MAIN ENTRY--PERSONAL NAME
Personal name Yoginder Prasad Sharma
9 (RLIN) 152216
245 ## - TITLE STATEMENT
Title Physical education and research methodology/
Statement of responsibility, etc. by Yoginder Prasad Sharma
260 ## - PUBLICATION, DISTRIBUTION, ETC.
Place of publication, distribution, etc. New Delhi:
Name of publisher, distributor, etc. Reliance,
Date of publication, distribution, etc. 1997.
300 ## - PHYSICAL DESCRIPTION
Extent 349p.
650 ## - SUBJECT ADDED ENTRY--TOPICAL TERM
Topical term or geographic name entry element Sports
9 (RLIN) 152217
650 ## - SUBJECT ADDED ENTRY--TOPICAL TERM
Topical term or geographic name entry element Games
9 (RLIN) 152218
650 ## - SUBJECT ADDED ENTRY--TOPICAL TERM
Topical term or geographic name entry element Physical Education
9 (RLIN) 152219
942 ## - ADDED ENTRY ELEMENTS (KOHA)
Koha item type Book
Holdings
Withdrawn status Lost status Damaged status Not for loan Permanent Location Current Location Date acquired Cost, normal purchase price Total Checkouts Total Renewals Full call number Barcode Date due Date last seen Date last checked out Cost, replacement price Price effective from Koha item type
        Sree Sankaracharya University of Sanskrit Sree Sankaracharya University of Sanskrit 08.01.2015 375.00 6 2 796.072 YOG/P 015664 09.10.2019 06.11.2019 06.11.2019 0.00 08.01.2015 Book